| 000 | 01112cam a22002895a 4500 | ||
|---|---|---|---|
| 001 | 13273641 | ||
| 005 | 20180227104840.0 | ||
| 008 | 030714s2006 ii a frb 001 0 eng d | ||
| 020 | _a8131202550 | ||
| 020 | _a9788131202555 | ||
| 040 |
_aDLC _cDLC _dDLC _dDLC _dEG-ScBUE _beng |
||
| 082 | 0 | 4 |
_222 _a621.38132 _bMAL |
| 100 | 1 | _aMaloratsky, Leo G. | |
| 245 | 1 | 0 |
_aPassive RF & microwave integrated circuits / _cby Leo G. Maloratsky. |
| 246 | 3 | _aPassive radio frequency and microwave integrated circuits | |
| 260 |
_aNew Delhi : _bElsevier / Newnes, _c2006. |
||
| 300 |
_axv, 368 p. : _bill. ; _c24 cm. |
||
| 504 | _aIncludes bibliographical references and index. | ||
| 650 | 7 |
_aRadio frequency integrated circuits. _2BUEsh _937096 |
|
| 650 | 7 |
_aMicrowave integrated circuits. _2BUEsh |
|
| 650 | 7 |
_aAutomatic control. _2BUEsh _912316 |
|
| 650 | 7 |
_aPassive components. _2BUEsh |
|
| 653 |
_bGGEN _cFebruary2018 |
||
| 856 | 4 | 2 |
_3Publisher description _uhttp://www.loc.gov/catdir/description/els041/2003059301.html |
| 856 | 4 | 1 |
_3Table of contents _uhttp://www.loc.gov/catdir/toc/els041/2003059301.html |
| 942 | _2ddc | ||
| 999 |
_c26174 _d26146 |
||